| 000 | 00635nam a2200181 4500 | ||
|---|---|---|---|
| 008 | 030421s1991 us 0 eng | ||
| 020 | _a0801083265 | ||
| 090 |
_aBS2555.2 _bSt3g |
||
| 100 | 1 | _aStein, Robert H. | |
| 245 | 1 | 0 |
_aGospels and tradition : _bstudies on redaction criticism of the synoptic gospels / _cRobert H. Stein. |
| 260 |
_aMichigan : _bBaker, _cc1991. |
||
| 300 | _a204 p. | ||
| 504 | _aBiblio: pp. 189-200 | ||
| 650 | 4 |
_aBible. N.T. Gospels _xCriticism, Redaction. |
|
| 650 | 4 |
_aBible. N.T. Mark _xCriticism, Redaction. |
|
| 950 | 0 | _12.95 | |
| 951 |
_p13511 _x00004924 _oBS2555.2/St3g _j070613111233515 _d2000-12-21 _cGC |
||
| 999 |
_c17283 _d17283 |
||